00826nas a2200253 4500000000100000008004100001260001300042653001200055653002900067653001200096653003100108653001800139653001100157653001200168653000900180653000900189653003000198245022100228856005900449300001100508490000700519050003200526022001400558 1981 d c1981 Dec10aAnimals10aClinical Trials as Topic10aDapsone10aDrug Resistance, Microbial10aGlobal health10aHumans10aleprosy10aMice10aRats10aWorld Health Organization00aReport of the Third Meeting of the Scientific Working Group on Chemotherapy of Leprosy (THELEP) of the UNDP/World Bank/WHO Special Programme for Research and Training in Tropical Diseases, Geneva, 20-22 October 1980. uhttp://leprev.ilsl.br/pdfs/1981/v52n4/pdf/v52n4a08.pdf a349-540 v52 aInfolep Library - available a0305-7518